00000000nam##2200000za#4500
0019.632733
003CaOODSP
00520210624214953
007cr |||||||||||
008150407|2002||||xxc|||||o    f|0| 0 fre|d
020 |a0-662-71673-6
040 |aCaOODSP|bfre
043 |an-cn---
0861 |aIu188-16/1-2006F-PDF
1101 |aCanada.|bIndustrie Canada. |bDirection générale de la politique de la petite entreprise.
24510|aFinancement des PME au Canada : |h[ressource électronique]|bobstacles auxquels se heurtent les entrepreneurs des groupes des femmes, des jeunes, des Autochtones et des minorités qui cherchent à obtenir du capital — Phase 1 : revue de la littérature
260 |aVancouver - Colombie Britannique : |bIndustrie Canada. |c2002.
300 |a37p.|bréférences, tableau
590 |a06-23|b2006-06-09
590 |a06-10-Supp|b2006-12-15
69107|aCapital de risque|2gcpds
69107|aPetite entreprise|2gcpds
7201 |aHeidrick, Ted
7201 |aNicol, Tracey
77508|tFinancing SMEs in Canada : |w(CaOODSP)9.688303
85640|ahttp://publications.gc.ca|qPDF|s217 Ko|uhttps://publications.gc.ca/collections/Collection/Iu188-16-1-2006F.pdf
986 |a53235F